| 000 | 00732cam a2200217 a 4500 | ||
|---|---|---|---|
| 001 | 242747 | ||
| 005 | 20241029165718.0 | ||
| 008 | 990615s1999 nyua 001 0 eng | ||
| 020 | _a1566627567 | ||
| 050 | 0 | 0 |
_aKF2978 _b.G63 1999 |
| 082 | 0 | 0 |
_a346.7304/8 _221 |
| 100 | 1 |
_aGoldstein, Paul, _d1943- |
|
| 245 | 1 | 0 |
_aCopyright, patent, trademark, and related state doctrines : _bcases and materials on the law of intellectual property / _cby Paul Goldstein. |
| 250 | _aRev. 4th ed. | ||
| 260 |
_aNew York : _bFoundation Press, _c1999. |
||
| 300 |
_axxiv, 1072 p. : _bill. ; _c26 cm. |
||
| 440 | 0 | _aUniversity casebook series | |
| 500 | _aIncludes index. | ||
| 650 | 0 |
_aIntellectual property _zUnited States _xCases. |
|
| 942 |
_2lcc _cBK _n0 |
||
| 999 |
_c350 _d350 |
||